000
00217nam a2200085Ia 4500
008
260210s9999 xx 000 0 und d
020
_a
9788997079742
245
0
_a
B:DMP:PUBLIC LANDSCAPEI:STREET FURNITUREI
942
_c
BDES
999
_c
14121
_d
14121